| 000 | 01043aam a2200313 i 4500 | ||
|---|---|---|---|
| 001 | 768714001 | ||
| 003 | CO-MdFUSB | ||
| 005 | 20221121092728.0 | ||
| 007 | ta | ||
| 008 | 221121t1976 -usaco|| |||| 00| 0 eng d | ||
| 020 | _a0345275330 | ||
| 040 |
_bspa. _aCO-MdFUSB _cCO-MdFUSB _dCO-MdFUSBC _erda |
||
| 041 | _aspa | ||
| 082 | 0 | 4 |
_a943.086 _223 _bT647 |
| 100 | 1 |
_aToland, John _eautor |
|
| 245 | 1 | 0 |
_aAdolf Hitler _c/ John Toland |
| 264 | 1 |
_aNew York, USA : _bBallantine Books, _c[1976] |
|
| 264 | 4 | _c© 1976 | |
| 300 |
_a1371 Pag _c; 18 cm |
||
| 336 |
_2rdacontent _atexto _btxt |
||
| 337 |
_2rdamedia _asin mediación _bn |
||
| 338 |
_2rdacarrier _avolumen _bnc |
||
| 505 | _aYo visionario. -- En el principio fue el verbo. -- Una mente en formación. -- La revolución parda. -- Guerra enmascarada. -- Hasta el borde mismo de la audacia. -- Por la fuerza de las armas. -- El cuarto jinete. -- Hacia el abismo. | ||
| 563 | _aRústico | ||
| 650 | 7 |
_9409 _aBiografía |
|
| 942 | _cBK | ||
| 945 | _aJTF-925 | ||
| 999 |
_c40790 _d40790 |
||